Länder mit der kürzesten Landesgrenze - Statistiken

Allgemein
  • Dieses Quiz wurde 377 mal gespielt
  • Das Durchschnittsergebnis liegt bei 19 aus 20
Antwortstatistiken
Platz Land Landesgrenze in km Nachbarländer % Korrekt
6. Andorra 118 Spanien, Frankreich
99%
4. Liechtenstein 75 Schweiz, Österreich
99%
3. San Marino 37 Italien
99%
1. Vatikanstadt 3 Italien
99%
11. Luxemburg 327 Belgien, Deutschland, Frankreich
98%
2. Monaco 6 Frankreich
98%
7. Dänemark 140 Deutschland
97%
8. Südkorea 237 Nordkorea
97%
14. Irland 443 Vereinigtes Königreich
96%
14. Vereinigtes Königreich 443 Irland
95%
12. Dominikanische Republik 376 Haiti
93%
12. Haiti 376 Dominikanische Republik
93%
5. Katar 87 Saudi-Arabien
92%
16. Kuwait 475 Irak, Saudi-Arabien
89%
17. Libanon 484 Israel, Syrien
89%
9. Osttimor 253 Indonesien
89%
20. Belize 542 Guatemala, Mexiko
86%
10. Brunei 266 Malaysia
86%
18. Dschibuti 528 Eritrea, Somalia, Äthiopien
85%
18. Äquatorialguinea 528 Kamerun, Gabun
81%
Keine übereinstimmenden Quizze gefunden
Verteilung der Resultate
Anzahl Personen mit jedem Resultat
Perzentil nach korrekt beantworteten Fragen
Ihre Resultats-Entwicklung
Sie haben dieses Quiz noch nicht gespielt